The Middle - Jimmy Eat World - Statistics

General Stats
  • This quiz has been taken 14 times
  • The average score is 181 of 249
Answer Stats
Hint Answer % Correct
be
90%
do
90%
Do
90%
(Do
90%
don't
90%
everything
90%
Everything,
90%
Everything
90%
Verse 1 | Verse 2 | Verse 3 Hey,
90%
Chorus It
90%
So
90%
some
90%
the
90%
time
90%
you
90%
You
90%
all
80%
best
80%
best)
80%
down
80%
feel
80%
(Feel
80%
fine
80%
gonna
80%
It's
80%
it's
80%
Just
80%
just
80%
(Just
80%
of
80%
off
80%
takes
80%
write
80%
yet
80%
your
80%
you're
80%
yourself
80%
alright,
70%
alright
70%
And
70%
can
70%
can)
70%
head,
70%
in
70%
know
70%
looked
70%
middle
70%
on
70%
(On
70%
only
70%
out
70%
out)
70%
same
70%
they
70%
try
70%
Try
70%
what
70%
worry
70%
better
60%
doing
60%
left
60%
own
60%
own)
60%
right
60%
tell
60%
themselves
60%
they're
60%
When
60%
Are
50%
away
50%
doesn't
50%
enough
50%
enough)
50%
everything'll
50%
good
50%
(Good
50%
if
50%
Little
50%
matter
50%
Or
50%
say
50%
Yeah,
50%
bitter
40%
(Bitter
40%
buy
40%
else
40%
For
40%
girl,
40%
hearts
40%
hearts)
40%
Live
40%
now
40%
someone
40%
ride
30%
their
30%
lefy
0%
No matching quizzes found
Score Distribution
Percent of People with Each Score
Percentile by Number Answered
Your Score History
You have not taken this quiz